000 01382nam a2200349 a 4500
001 ebr10472306
003 CaPaEBR
006 m u
007 cr cn|||||||||
008 110621s1961 nyu s 000 p eng d
020 _z9780195004137
020 _z9780199874200 (e-book)
040 _aCaPaEBR
_cCaPaEBR
035 _a(OCoLC)742512863
041 1 _aeng
_aita
_hita
050 1 4 _aPQ4315.3
_b.S56 1961eb
100 0 _aDante Alighieri,
_d1265-1321.
245 1 4 _aThe divine comedy of Dante Alighieri.
_nII,
_pPurgatorio
_h[electronic resource] /
_cwith translation and comments by John D. Sinclair.
250 _aPaperback ed.
260 _aNew York :
_bOxford University Press,
_c1961.
300 _a446 p.
490 1 _aDivine Comedy, Purgatorio ;
_vv. 2
533 _aElectronic reproduction.
_bPalo Alto, Calif. :
_cebrary,
_d2013.
_nAvailable via World Wide Web.
_nAccess may be limited to ebrary affiliated libraries.
546 _aText in English and Italian.
600 0 0 _aDante Alighieri,
_d1265-1321
_vTranslations into English.
650 0 _aHell
_vPoetry.
655 7 _aElectronic books.
_2local
700 1 _aSinclair, John D.
710 2 _aebrary, Inc.
800 0 _aDante Alighieri,
_d1265-1321.
_tPurgatorio.
856 4 0 _uhttp://site.ebrary.com/lib/rucke/Doc?id=10472306
_zAn electronic book accessible through the World Wide Web; click to view
999 _c113126
_d113126